000 00296 a2200145 4500
001 165714
020 _a
040 _cMagnum
100 _aAlves, Nilda Et Al.
240 1 0 _aO sentido da escola
_lpor
245 1 0 _aO sentido da escola
362 0 _a1899
697 _aPEDAGOGIA
942 _cBK
999 _c165714
_d165714